<?xml version="1.0" encoding="UTF-8"?>
<collection xmlns="http://www.loc.gov/MARC21/slim">
 <record>
  <leader>02231nam a22002537a 4500</leader>
  <controlfield tag="001">NCT_4_016728</controlfield>
  <controlfield tag="008">250121b        xxu||||| |||| 00| 0 vie d</controlfield>
  <datafield tag="999" ind1=" " ind2=" ">
   <subfield code="c">8801</subfield>
   <subfield code="d">8801</subfield>
  </datafield>
  <datafield tag="020" ind1=" " ind2=" ">
   <subfield code="a">9786043301090</subfield>
   <subfield code="c">179000</subfield>
  </datafield>
  <datafield tag="082" ind1="0" ind2="4">
   <subfield code="2">23rd ed.</subfield>
   <subfield code="a">658.4012</subfield>
   <subfield code="b">G977</subfield>
  </datafield>
  <datafield tag="100" ind1="1" ind2=" ">
   <subfield code="a">Gupta, Sunil</subfield>
  </datafield>
  <datafield tag="245" ind1="1" ind2="0">
   <subfield code="a">Kinh doanh trong thời đại 4.0</subfield>
   <subfield code="b">= Driving digital strategy : A guide to reimagining your business</subfield>
   <subfield code="c">Sunil Gupta ; Nguyễn Trọng Thuấn (dịch)</subfield>
  </datafield>
  <datafield tag="260" ind1=" " ind2=" ">
   <subfield code="a">H.</subfield>
   <subfield code="b">Đại học Kinh tế Quốc dân</subfield>
   <subfield code="c">2021</subfield>
  </datafield>
  <datafield tag="300" ind1=" " ind2=" ">
   <subfield code="a">439 tr.</subfield>
   <subfield code="c">Minh họa</subfield>
   <subfield code="b">20cm </subfield>
  </datafield>
  <datafield tag="520" ind1="3" ind2=" ">
   <subfield code="a">Cung cấp các nguyên tắc chung để đổi mới doanh nghiệp, tận dụng các lợi thế sẵn có và nhìn ra các nguồn lực phải phát triển: Tái tư duy hướng kinh doanh, tái đánh giá chuỗi giá trị, tái kết nối với khách hàng và tái cấu trúc doanh nghiệp. Đưa ra những phương pháp tốt nhất từ những doanh nghiệp đã hoàn toàn &quot;lột xác&quot;, cùng với các nguyên tắc chung sẽ giúp bạn vạch ra chiến lược số bao trùm và dẫn dắt doanh nghiệp qua quá trình chuyển đổi</subfield>
  </datafield>
  <datafield tag="653" ind1=" " ind2=" ">
   <subfield code="a">Truyền thông đa phương tiện</subfield>
  </datafield>
  <datafield tag="700" ind1="1" ind2=" ">
   <subfield code="a">Nguyễn Trọng Thuấn</subfield>
   <subfield code="e">Dịch</subfield>
  </datafield>
  <datafield tag="942" ind1=" " ind2=" ">
   <subfield code="2">ddc</subfield>
   <subfield code="c">BK</subfield>
  </datafield>
  <datafield tag="952" ind1=" " ind2=" ">
   <subfield code="0">0</subfield>
   <subfield code="1">0</subfield>
   <subfield code="2">ddc</subfield>
   <subfield code="4">0</subfield>
   <subfield code="6">658_401200000000000_G977</subfield>
   <subfield code="7">0</subfield>
   <subfield code="9">30267</subfield>
   <subfield code="a">000001</subfield>
   <subfield code="b">000001</subfield>
   <subfield code="d">2025-01-21</subfield>
   <subfield code="o">658.4012 G977</subfield>
   <subfield code="p">MD.23285</subfield>
   <subfield code="r">2025-01-21</subfield>
   <subfield code="v">179000.00</subfield>
   <subfield code="w">2025-01-21</subfield>
   <subfield code="y">BK</subfield>
  </datafield>
  <datafield tag="952" ind1=" " ind2=" ">
   <subfield code="0">0</subfield>
   <subfield code="1">0</subfield>
   <subfield code="2">ddc</subfield>
   <subfield code="4">0</subfield>
   <subfield code="6">658_401200000000000_G977</subfield>
   <subfield code="7">0</subfield>
   <subfield code="9">30268</subfield>
   <subfield code="a">000001</subfield>
   <subfield code="b">000001</subfield>
   <subfield code="d">2025-01-21</subfield>
   <subfield code="o">658.4012 G977</subfield>
   <subfield code="p">MD.23286</subfield>
   <subfield code="r">2025-01-21</subfield>
   <subfield code="v">179000.00</subfield>
   <subfield code="w">2025-01-21</subfield>
   <subfield code="y">BK</subfield>
  </datafield>
  <datafield tag="952" ind1=" " ind2=" ">
   <subfield code="0">0</subfield>
   <subfield code="1">0</subfield>
   <subfield code="2">ddc</subfield>
   <subfield code="4">0</subfield>
   <subfield code="6">658_401200000000000_G977</subfield>
   <subfield code="7">0</subfield>
   <subfield code="9">30269</subfield>
   <subfield code="a">000001</subfield>
   <subfield code="b">000001</subfield>
   <subfield code="d">2025-01-21</subfield>
   <subfield code="o">658.4012 G977</subfield>
   <subfield code="p">MD.23287</subfield>
   <subfield code="r">2025-01-21</subfield>
   <subfield code="v">179000.00</subfield>
   <subfield code="w">2025-01-21</subfield>
   <subfield code="y">BK</subfield>
  </datafield>
  <datafield tag="952" ind1=" " ind2=" ">
   <subfield code="0">0</subfield>
   <subfield code="1">0</subfield>
   <subfield code="2">ddc</subfield>
   <subfield code="4">0</subfield>
   <subfield code="6">658_401200000000000_G977</subfield>
   <subfield code="7">0</subfield>
   <subfield code="9">30270</subfield>
   <subfield code="a">000001</subfield>
   <subfield code="b">000001</subfield>
   <subfield code="d">2025-01-21</subfield>
   <subfield code="o">658.4012 G977</subfield>
   <subfield code="p">MD.23288</subfield>
   <subfield code="r">2025-01-21</subfield>
   <subfield code="v">179000.00</subfield>
   <subfield code="w">2025-01-21</subfield>
   <subfield code="y">BK</subfield>
  </datafield>
  <datafield tag="952" ind1=" " ind2=" ">
   <subfield code="0">0</subfield>
   <subfield code="1">0</subfield>
   <subfield code="2">ddc</subfield>
   <subfield code="4">0</subfield>
   <subfield code="6">658_401200000000000_G977</subfield>
   <subfield code="7">0</subfield>
   <subfield code="9">30271</subfield>
   <subfield code="a">000001</subfield>
   <subfield code="b">000001</subfield>
   <subfield code="d">2025-01-21</subfield>
   <subfield code="l">1</subfield>
   <subfield code="o">658.4012 G977</subfield>
   <subfield code="p">MD.23289</subfield>
   <subfield code="r">2025-05-06</subfield>
   <subfield code="s">2025-04-24</subfield>
   <subfield code="v">179000.00</subfield>
   <subfield code="w">2025-01-21</subfield>
   <subfield code="y">BK</subfield>
  </datafield>
  <datafield tag="980" ind1=" " ind2=" ">
   <subfield code="a">Thư viện Trường Đại học Nam Cần Thơ</subfield>
  </datafield>
 </record>
</collection>
